000 00942nas a2200289 4500
001 BR2019000718
003 BR-BrBNA
005 20231205131635.0
007 ta
008 230509b bl.|||p| |||| 00| 00por d
040 _aBR-BrBNA
_bpor
_cBiblioteca Nacional de Agricultura
041 _a(Pt)
072 _aP33; F01
100 1 _aAraújo Neto, D.P. de
100 1 _aAraújo, Q.R. de
245 1 _aEstudo das raízes e da biomassa aérea do cafeeiro (Coffea canephora)como fator de conservação de solos no sul da Bahia
650 _aCAFÉ
650 _aSISTEMA DE CULTIVO
650 _aBIOMASSA
650 _aMATÉRIA ORGÂNICA
650 _aANÁLISE DO SOLO
650 _aPROPRIEDADE FÍSICO-QUÍMICA
773 0 _tAgrotrópica (Brazil)
_xISSN 0103-3816
_g(Sep-Dec 2003), v. 15(3) p. 133-140
_wBR2019000718
856 4 0 _dLink DSPACE/MAPA BR2019000718
909 _a202311
_bLúcia
_c55
_dLúcia Elande
942 _2AGRIS
_n0
_cANA
999 _c255865
_d255865